Vista normal
Vista MARC
Entrada Nombre de reunión
Número de registros utilizados en: 2
001 - NÚMERO DE CONTROL
- Campo de control: 35329
003 - IDENTIFICADOR DE NÚMERO DE CONTROL
- Campo de control: ES-MaCES
005 - FECHA Y HORA DE LA ULTIMA MODIFICACION
- Campo de control: 20141104124718.0
008 - ELEMENTOS DE DATOS DE LONGITUD FIJA
- Campo de longitud fija: 141104|| azz||aabn | a|a d
040 ## - FUENTE DE LA CATALOGACIÓN
- Agencia original de catalogación: ES-MaCES
111 2# - ENCABEZAMIENTO--NOMBRE DE REUNIÓN
- Nombre de reunión o jurisdicción como elemento de entrada: Foro de Debate "La Ultraactividad de los Convenios Colectivos"
- Lugar de la reunión: Madrid
- Fecha de reunión: 2013
670 ## - FUENTE DE DATOS ENCONTRADOS
- Fuente de citación: CD del CES

